Géographie en B - Mort Subite - Statistiques

Statistiques générales
  • Ce quiz a été pris 158 fois
  • Le résultat moyen est 6 sur 16
Answers on the Grid
Answers color-coded by a green-red scale on the quiz's grid according to % correct below.
Pays où se situe Manaus
Ville siège de la Comission Européenne
La capitale du Massachusetts
La mer qui borde les côtes de l'Estonie
Villes dans laquelle jouent les Girondins
Le lac le plus profond du monde
L'autre nom de l'Elizabeth Tower
Pays où l'on parle le Bengali
La plus haute construction humaine à ce jour
Région historique tchèque centrée sur Prague
La capitale de la Catalogne
Détroit qui sépare Istanbul en deux
Département n°67
Île où se trouve le Brunei
Pays d'origine de Rihanna
Îles comprenant Ibiza
La plus haute montagne du Pakistan
Département au n°15
Chef-lieu des Yvelines
La plus grande ville de Suisse
Ville dans laquelle joue le Botafogo
Ville dans laquelle jouent les Maple Leaf en NHL
État frontalier de l'Irlande
Capitale du Burundi
Ville dans laquelle on trouve le palais du Potala
Capitale de la Libye
Fleuve baignant Rome
Région historique tchèque centrée sur Brno
Chef-lieu de Lombardie
Île grecque d'Héraklion
Ville dans laquelle est mort Martin Luther King
Île de Sapporo
 
Statistiques - réponses
Réponse % Correct
Barcelone La capitale de la Catalogne
62%
Baléares Îles comprenant Ibiza
55%
Bordeaux Villes dans laquelle jouent les Girondins
54%
Barbade Pays d'origine de Rihanna
45%
Burj Khalifa La plus haute construction humaine à ce jour
43%
Bruxelles Ville siège de la Comission Européenne
41%
Bosphore Détroit qui sépare Istanbul en deux
40%
Baltique La mer qui borde les côtes de l'Estonie
40%
Baïkal Le lac le plus profond du monde
31%
Brésil Pays où se situe Manaus
31%
Bornéo Île où se trouve le Brunei
26%
Bangladesh Pays où l'on parle le Bengali
26%
Boston La capitale du Massachusetts
25%
Bas-Rhin Département n°67
22%
Bohème Région historique tchèque centrée sur Prague
17%
Big Ben L'autre nom de l'Elizabeth Tower
14%
Aucun quiz correspondant
Distribution des résultats
% des personnes avec chaque résultat
Percentile par nombre de réponses
Votre historique - résultats
Vous n’avez pas pris ce quiz